Normal view
MARC view
- Murray, Williamson Knox, Macgregor Bernstein, A
Entry Personal Name
001 - CONTROL NUMBER
- control field: 61885
003 - CONTROL NUMBER IDENTIFIER
- control field: NUST
005 - DATE AND TIME OF LATEST TRANSACTION
- control field: 20210628202833.0
008 - FIXED-LENGTH DATA ELEMENTS
- fixed length control field: 210628|| aca||aabn | a|a d
040 ## - CATALOGING SOURCE
- Original cataloging agency: NUST
- Transcribing agency: NUST
100 ## - HEADING--PERSONAL NAME
- Personal name: Murray, Williamson Knox, Macgregor Bernstein, A
670 ## - SOURCE DATA FOUND
- Source citation: Work cat.: (NUST): Murray, Williamson Knox, Macgregor Bernstein, A, The making of strategy, rulers, states, and war, 2003
